| 000 | 00811nam a22001937a 4500 | ||
|---|---|---|---|
| 999 |
_c63226 _d63226 |
||
| 003 | Ge_BSU | ||
| 005 | 20250701163722.0 | ||
| 008 | 250701s1981 ge ||||| |||| 00| 0 geo d | ||
| 041 | _ageo | ||
| 080 | _a331.4 ნ-28 | ||
| 100 |
_a ნარგიზაშვილი, მ. _925590 |
||
| 245 |
_aშრომის პირობები და წარმოების ეფექტიანობა / _cმ.ნარგიზაშვილი, |
||
| 264 |
_aთბილისი: _bსაბჭ. საქართველო, _c1981. |
||
| 300 |
_a100 გვ. ; _b16 სმ. |
||
| 501 | _aლიტ. სია: გვ.98-101. | ||
| 653 | _aშრომის პირობები | ||
| 653 | _aწარმოების ეფექტიანობა. | ||
| 942 |
_2udc _cᲬᲘᲒᲜᲘ |
||